[Event "NRW Class1 0910"]
[Site "Germany"]
[Date "2009.09.20"]
[Round "1.2"]
[White "Van Gool, Henk"]
[Black "Fowler, Gordon"]
[Result "1-0"]
[WhiteElo "2164"]
[BlackElo "2100"]
[PlyCount "79"]
[EventDate "2009.09.20"]
[EventType "team-tourn"]
[EventRounds "9"]
[EventCountry "GER"]
[SourceTitle "EXT 2011"]
[Source "ChessBase"]
[SourceDate "2010.11.26"]
[SourceVersion "1"]
[SourceVersionDate "2010.11.26"]
[SourceQuality "1"]
[WhiteTeam "Krefeld Turm"]
[BlackTeam "Rheydt"]
[WhiteTeamCountry "GER"]
[BlackTeamCountry "GER"]

1. d4 Nf6 2. Nf3 g6 3. Nbd2 d5 4. e3 Bg7 5. b4 0-0 6. Bb2 Qd6 7. a3 a5 8. c4 axb4 9. c5 Qd8 10. axb4 Rxa1 11. Qxa1 c6 12. Be2 Bf5 13. Qa7 Qc7 14. 0-0 Nbd7 15. h3 Rb8 16. Ra1 Ne8 17. g4 Be6 18. Ng5 Nf8 19. Kg2 Bd7 20. f4 Qc8 21. Ngf3 Nc7 22. Qa4 f6 23. Qc2 Ra8 24. Rxa8 Qxa8 25. Bd1 Qc8 26. Nb3 Nce6 27. Na5 g5 28. f5 Nc7 29. Be2 h5 30. Bd3 hxg4 31. hxg4 e6 32. Bc3 exf5 33. Bxf5 Nce6 34. Be1 Nd8 35. Bg3 Nde6 36. Bd6 Kf7 37. e4 Nc7 38. Bxc7 Bxf5 39. exf5 Qxc7 40. Qd2 1-0